000 00487nam a2200181Ia 4500
005 20250326123736.0
008 250326s9999 xx 000 0 und d
037 _aTextbook
040 _aFMSL
_beng
_cFMSL
041 _aeng
_2eng
084 _aL:4:5 J8
_qFMSL
100 _aSmiley D F
_9735963
245 0 _aYour community's health
_cSmiley D F; Golild A G
260 _aNY
_bNY, Macmillan
_c1958
300 _a454p
942 _cTB
_hL:4:5 J8
999 _c1270756
_d1270756